Statistics for Top 10 Formula One Drivers Starting With 'S'

Click here to take the quiz!

General Stats

  • This quiz has been taken 47 times
  • The average score is 7 of 10

Answer Stats

Lp.NationalityCareerDriver% Correct
1German1991-2012Michael Schumacher
100%
6German1997-2007Ralf Schumacher
100%
2Brazilian1984-1994Ayrton Senna
98%
8Spanish2015-Carlos Sainz
98%
4South African1972-1980Jody Scheckter
91%
3British1965-1973Jackie Stewart
74%
5British1960-1972John Surtees
74%
7Swiss1962-1971Jo Siffert
49%
9Italian1963-1968Ludovico Scarfiotti
28%
10American1952-1956Bob Sweikert
21%

Score Distribution

Percentile by Number Answered

Percent of People with Each Score

Your Score History

You have not taken this quiz